| 000 | 00404nam a2200145Ia 4500 | ||
|---|---|---|---|
| 008 | 231129s2013||||xx |||||||||||||| ||spa|| | ||
| 020 | _a978-84-15750-45-1 | ||
| 040 | _bspa | ||
| 082 | _a863 E79i | ||
| 100 | _aEsteban Lezáun Luis J. | ||
| 245 | 0 | _aEl inspector que ordeñaba vacas | |
| 260 | _c2013 | ||
| 264 | _aBarcelona España : Plataforma | ||
| 942 |
_2ddc _cBKS |
||
| 999 |
_c11374 _d11374 |
||